| 000 | 00438nam a2200145Ia 4500 | ||
|---|---|---|---|
| 008 | 240712s9999||||xx |||||||||||||| ||und|| | ||
| 020 | _a9.7881844856e+012 | ||
| 082 |
_a610 _bSHU/C |
||
| 100 | _aShukla Saumya | ||
| 245 | 2 | _aA Complete Review of Short Subjects Anatomy Physiology Biochemistry Forensic | |
| 250 | _a3rd Edition | ||
| 260 |
_aNew Delhi _bJaypee Brothers Medical Publishers Pvt Ltd _c2009 |
||
| 300 | _a900p. | ||
| 942 | _cBK | ||
| 999 |
_c44521 _d44521 |
||